000 00816nam a2200253Ia 4500
003 OSt
005 20220923211153.0
006 a|||||r|||| 00| 0
007 ta
008 Pun
020 _a8187654287 (hbk)
_c340
024 _a284,618
037 _b921, 20/03/2015, H.K. Prakashan
_cTextual
040 _aARTS
_cARTS
_bPun
041 _2Pun
_aPun
082 _aP:795, 153Q4
100 _aਜਸਪਾਲ ਕੌਰ
_9159104
245 0 _aਅਨੁਵਾਦ ਅਤੇ ਮੌਖਿਕ ਅਨੁਵਾਦ ਕਲਾ
260 _aਦਿੱਲੀ
_b ਮਨਪ੍ਰੀਤ ਪਕਾFਨ
_c2014
300 _a182ਪੰ
_ccm.
650 _aਪੰਜਾਬੀ ਭਾFਾ
_9159105
942 _hP:795, 153Q4
_cTEXL
_2CC
999 _c296302
_d296302